000 00518nam a2200145Ia 4500
003 OSt
005 20260128103434.0
008 211028s2017 xx 000 0 und d
040 _cAIMIT LIBRARY
041 _aeng
100 _aShravyaraj, A;Rose, Swapna.
_g1516155
_97728
245 _aProject report on the role of supervision motivational factors employee engagement in employee job satisfaction of on roll staffs at Central brand dot new. Mangalore /
260 _aMangaloew
_bSwapna Rose
_c2017
942 _2ddc
_cPRO
999 _c219296
_d219296